00910 2200301 4500001002100000005001500021035002000036007000300056008004100059020002200100040002200122082001700144084001900161090002200180100003400202245008900236250003500325300002900360650002000389700003300409850001200442264003600454336002100490337003000511338002300541999002200564990002200586INLIS00000000086094220210610010441 a0010-0621000477ta210610s2020 yoi g 1 ind d a978-623-6759-32-5 aYOPDYOGbinderda04223a899.2213 a899.2213 LIL a aCB-D.11 2020-30470 aLili Instantid2004-epenulis10aAnna uhibbuka fillah, ustadz /cpenulis, Lili Instanti; penyunting, Fatiha el-Kayyis aCetakan pertama: Oktober, 2020 avi, 118 halaman ;c20 cm 4aFiksi Indonesia0 aFatiha el-KayyisePenyunting aYOPDYOG31aBantul :bSemesta Aksara,c2020 2rdacontentateks 2rdamediaatanpa perantara 2rdacarrieravolume aCB-D.11/2020-3047 aCB-D.11/2020-3047